000 01508nam a2200409 i 4500
001 54005
003 FlNmELB
005 20241216232524.0
006 m o d |
007 cr cnu||||||||
008 190510s2016 sp ob 000 0 spa d
020 _z9788416758401
020 _a9788491982241 (e-book)
035 _a(OCoLC)1128443925
040 _aFINmELB
_bspa
_erda
_cFINmELB
050 4 _aHG8051
_bT693 2016
080 _a368
082 0 _a368
_223
100 1 _aTorres Gómez, Carlos Alberto.
245 1 0 _aTratamiento de las quejas y reclamaciones de clientes de servicios financieros :
_bUF0530 /
_cCarlos Alberto Torres Gómez.
264 1 _aAntequera, Málaga :
_bIC Editorial,
_c2016.
300 _a1 recurso en línea (170 páginas)
336 _atexto
_btxt
_2rdacontent/spa
337 _acomputadora
_bc
_2rdamedia/spa
338 _arecurso en línea
_bcr
_2rdacarrier/spa
504 _aContiene bibliografía.
588 _aDescripción basada en el editor de metadatos y otras fuentes.
590 _aRecurso electrónico. Santa Fe, Arg.: elibro, 2018. Disponible vía World Wide Web. El acceso puede estar limitado para las bibliotecas afiliadas a elibro.
650 0 _aInsurance.
650 0 _aCustomer services.
650 0 _aConsumer protection.
650 4 _aSeguro.
650 4 _aProtección del consumidor.
655 4 _aLibros electronicos.
797 2 _aelibro, Corp.
856 4 0 _uhttps://elibro.net/ereader/politecnicointernacional/59193
_zClick to View
999 _c54005
_d54005